| 000 | 01038 a2200181 4500 | ||
|---|---|---|---|
| 003 | NUST | ||
| 005 | 20221227124628.0 | ||
| 040 | _cNust | ||
| 082 | _a355.02,THE | ||
| 100 |
_aIntelligence Branch _9106042 |
||
| 245 |
_aThe revolt in central india 1857-59 / _cIntelligence Branch |
||
| 260 |
_aGovernment Monotype Press _bIndia _c1908 |
||
| 300 |
_axxi, 277 p.; _billus _c24 cm |
||
| 505 | _aIntroduction (page-xiii) central India (Page-1), Jhansi and Bundelkhand (Page-15), The Saugor and Narbada Territories (Page-33), The Mutinies in Rajputana (Page-49), The Situation in Central India in August 1857(Page-63), Sir Hugh Roses Campaign in Central India (Page-75), Sir Hugh Campaign in Central India (Page-121), The Gwalior Campaign (Page-147), General Whitlock’s Operations and The Pacification of Bundelelkhand (Page-171), The Campaign in Rajputana (Page-193), The Pursuit of Tantia Topi (Page-205). | ||
| 600 |
_aIntelligence Branch _9106042 |
||
| 650 |
_aThe revolt in central india 1857-59 _9106043 |
||
| 942 |
_2ddc _cBK _k355.02,THE |
||
| 999 |
_c185742 _d185742 |
||